000 00984nam a22003137a 4500
001 BR2011008172
003 BR-BrBNA
005 20230928103824.0
007 ta
008 230509b bl.||||| |||| 00| 0 por d
040 _aBR-BrBNA
_bpor
_cBiblioteca Nacional de Agricultura
041 _a(Por)
072 _aE70
090 _ E70 BR2011008172
110 1 _aServiço de Apoio as Micro e Pequenas Empresas de Minas Gerais, Belo Horizonte, MG (Brasil)
_99410
110 1 _aFerreira Mendes Tecnologia e Mercado, Belo Horizonte, MG (Brasil)
245 1 _aComo torna-se um produtor de polpas de frutas
_bSérie Oportunidades de Negócios
260 3 _aBelo Horizonte, MG (Brasil):
_c1995.
300 _a56 p.
500 _a2 illus.; 11 tables
650 _aPOLPA DE FRUTA
650 _aANÁLISE DE RISCO
650 _aMERCADO
650 _aFÁBRICA
650 _aINVESTIMENTO
650 _aINDICADOR ECONÔMICO
909 _a202309
_bLucia
_c55
_dLucia Elande
942 _cBK
999 _c76791
_d76791